00000000nam 2200000zi 4500
0019.926806
003CaOODSP
00520241121130104
006m     o  d f      
007cr |n|||||||||
008230830s1981    oncd    ob   f|0| 0 fre d
040 |aCaOODSP|bfre|erda|cCaOODSP
043 |an-cn---|an-us---
0861 |aCW66-1223/1981F-PDF
1001 |aReed, Austin, |eauteur.
24510|aCaractéristiques de la chasse à la grande oie blanche / |cAustin Reed, Hugh Boyd, Steve Wendt.
264 1|a[Ottawa] : |b[Service canadien de la faune], |c[1981]
300 |a1 ressource en ligne (16 pages) : |bgraphiques
336 |atexte|btxt|2rdacontent/fre
337 |ainformatique|bc|2rdamedia/fre
338 |aressource en ligne|bcr|2rdacarrier/fre
500 |aÉdition numérisée de l’imprimé [par Environnement et changement climatique Canada].
500 |a« Version française d'une communication intitulée "Characteristics of the Harvest of Greater Snow Geese" présentée au 38ième Congrès "Northeast Fish and Wildlife Conference", à Virginia Beach, en mars 1981. »
504 |aComprend des références bibliographiques.
650 6|aOies|xChasse|zÉtats-Unis|vStatistiques.
650 6|aOies|xChasse|zCanada|vStatistiques.
650 6|aOie des neiges|zÉtats-Unis|vStatistiques.
650 6|aOie des neiges|zCanada|vStatistiques.
655 7|aStatistiques|2rvmgf
7102 |aService canadien de la faune, |eorganisme de publication.
77508|tCharacteristics of the harvest of greater snow geese / |w(CaOODSP)9.927489
85640|qPDF|s624 Ko|uhttps://publications.gc.ca/collections/collection_2024/eccc/cw66/CW66-1223-1981-fra.pdf